00521 2200205 4500001002100000005001700021008004100038035002400079082001200103090002200115100001700137245004000154260002900194300002500223650001900248850001200267980001500279985000600294999001500300YOGYA-0209000005450720090227033351.0 ind  0010-020900000054507 a796.345 a796.345bHan PlT aHANDAYA, Ben aPeralatan Bulu TangkiscBen Handaya aYogyakartab[s.a]c[s.a] a... hlmbilusc20 cm aPermainan Bola aYOPDYOG a11-11-2007 a1 a95P0066868